[Event "Ruhrgebiet VK2 0304"]
[Site "Ruhrgebiet"]
[Date "2004.03.28"]
[Round "8.8"]
[White "Kersebaum, Bernd"]
[Black "Mattern, Jochen"]
[Result "1-0"]
[WhiteElo "1589"]
[BlackElo "1768"]
[PlyCount "57"]
[EventDate "2003.09.28"]
[EventType "team"]
[EventRounds "9"]
[EventCountry "GER"]
[SourceTitle "EXT 2007"]
[Source "ChessBase"]
[SourceDate "2006.11.23"]
[SourceVersion "1"]
[SourceVersionDate "2006.11.23"]
[SourceQuality "1"]
[WhiteTeam "Hamm 1911"]
[BlackTeam "Erkenschwick II"]
[WhiteTeamCountry "GER"]
[BlackTeamCountry "GER"]

1. d4 Nf6 2. c4 c5 3. d5 b5 4. cxb5 a6 5. Nc3 axb5 6. Nxb5 Qa5+ 7. Nc3 Ba6 8. Bd2 Qc7 9. g3 d6 10. Bg2 g6 11. Nh3 Bg7 12. Nf4 0-0 13. 0-0 Nbd7 14. Re1 Rfb8 15. Qc2 Ne5 16. b3 c4 17. Rab1 cxb3 18. axb3 Rc8 19. Rec1 Bb7 20. Bh3 Nfg4 21. Nd3 Qb6 22. Be1 Rxc3 23. Bxc3 Bxd5 24. Be1 Qd4 25. Nxe5 Nxe5 26. Bg2 Bxg2 27. Kxg2 Ng4 28. Rd1 Qb6 29. Qe4 1-0